Online journalism :principles and practices of news for the web / (Record no. 3965)

000 -LEADER
fixed length control field 01072cam a22003254a 4500
001 - CONTROL NUMBER
control field 16808478
003 - CONTROL NUMBER IDENTIFIER
control field OSt
005 - DATE AND TIME OF LATEST TRANSACTION
control field 20180320130419.0
008 - FIXED-LENGTH DATA ELEMENTS--GENERAL INFORMATION
fixed length control field 110603s2011 azua b 001 0 eng
010 ## - LIBRARY OF CONGRESS CONTROL NUMBER
LC control number 2011023159
020 ## - INTERNATIONAL STANDARD BOOK NUMBER
International Standard Book Number 9781934432174
020 ## - INTERNATIONAL STANDARD BOOK NUMBER
International Standard Book Number 1934432172
035 ## - SYSTEM CONTROL NUMBER
System control number (OCoLC)ocn729863272
040 ## - CATALOGING SOURCE
Original cataloging agency DLC
Transcribing agency DLC
Modifying agency YDX
-- YDXCP
-- DLC
042 ## - AUTHENTICATION CODE
Authentication code pcc
050 00 - LIBRARY OF CONGRESS CALL NUMBER
Classification number PN4784.F68 2011
082 00 - DEWEY DECIMAL CLASSIFICATION NUMBER
Classification number 070.4
Edition number 23
100 1# - MAIN ENTRY--PERSONAL NAME
Personal name Foust, James C.
245 10 - TITLE STATEMENT
Title Online journalism :principles and practices of news for the web /
Statement of responsibility, etc James C. Foust.
250 ## - EDITION STATEMENT
Edition statement 3rd ed.
260 ## - PUBLICATION, DISTRIBUTION, ETC. (IMPRINT)
Place of publication, distribution, etc Scottsdale, Ariz. :
Name of publisher, distributor, etc Holcomb Hathaway, Publishers,
Date of publication, distribution, etc c2011.
300 ## - PHYSICAL DESCRIPTION
Extent xvi, 320 p. :
Other physical details ill. ;
Dimensions 25 cm.
504 ## - BIBLIOGRAPHY, ETC. NOTE
Bibliography, etc Includes bibliographical references and index.
650 #0 - SUBJECT ADDED ENTRY--TOPICAL TERM
Topical term or geographic name as entry element Online journalism.
650 #0 - SUBJECT ADDED ENTRY--TOPICAL TERM
Topical term or geographic name as entry element Journalism
General subdivision Technological innovations.
650 #0 - SUBJECT ADDED ENTRY--TOPICAL TERM
Topical term or geographic name as entry element Web sites
General subdivision Design.
906 ## - LOCAL DATA ELEMENT F, LDF (RLIN)
a 7
b cbc
c orignew
d 1
e ecip
f 20
g y-gencatlg
942 ## - ADDED ENTRY ELEMENTS (KOHA)
Source of classification or shelving scheme
Koha item type Book
Holdings
Withdrawn status Lost status Source of classification or shelving scheme Damaged status Not for loan Home library Current library Shelving location Date acquired Total Checkouts Full call number Barcode Date last seen Date checked out Copy number Price effective from Koha item type
          Riara University Library Riara University Library General stack 20/03/2018 3 PN4784.F68 2011 9084/18 24/01/2025 19/01/2024 C.1 20/03/2018 Book
          Riara University Library Riara University Library General stack 20/03/2018 6 PN4784.F68 2011 9085/18 05/04/2023 31/03/2023 C.2 20/03/2018 Book

Riara University Library,
P.O. Box 49940-00100,
Nairobi, Kenya.